[Event "Las Palmas"]
[Site "Las Palmas"]
[Date "1993.??.??"]
[Round "7"]
[White "Khalifman, Alexander"]
[Black "Christiansen, Larry Mark"]
[Result "0-1"]
[WhiteElo "2630"]
[BlackElo "2620"]
[Annotator "Dautov,R"]
[PlyCount "120"]
[EventDate "1993.06.??"]
[EventType "tourn"]
[EventRounds "9"]
[EventCountry "ESP"]
[EventCategory "16"]
[SourceTitle "CBM 036"]
[Source "ChessBase"]
[SourceDate "1993.10.01"]
[SourceVersion "1"]
[SourceVersionDate "1993.10.01"]
[SourceQuality "1"]

1. d4 Nf6 2. Nf3 e6 3. c4 Bb4+ 4. Bd2 c5 5. Bxb4 cxb4 6. g3 O-O 7. Bg2 d6 8.
Nbd2 Nc6 (8... Re8 9. Nf1 Qc7 10. Ne3 b6 11. O-O Bb7 12. Qd2 a5 13. Rfd1 Nbd7
14. a3 bxa3 15. bxa3 $14) 9. Nf1 Bd7 {N} (9... Qa5 10. Ne3 b3+ 11. Qd2 Qxd2+
12. Nxd2 Nxd4 (12... bxa2 13. Bxc6 bxc6 14. Rxa2 $16) 13. Nxb3 Nxb3 14. axb3
$14) (9... e5 10. Ne3 Ng4 11. Nd5 Nh6 (11... e4 12. Nd2 e3 13. fxe3 Be6 14. Nf1
Bxd5 15. cxd5 Ne7 16. h3 Nf6 17. e4 $16) 12. O-O Nf5 (12... Bg4 13. dxe5 dxe5
14. Nd2 Rc8 15. h3 Be6 16. Nb3 $14) 13. e3 Be6 14. Qd2 a5 15. a3 Re8 16. Rfd1
bxa3 17. bxa3 exd4 18. exd4 b5 $1 $10 {Kengis-Khalifman/Manila olm/1992}) 10.
Ne3 Ne7 11. O-O a5 12. Qd3 Rc8 13. a3 Qb6 14. axb4 Qxb4 15. Qd2 (15. Qa3 Qxa3
16. Rxa3 a4 17. b3 b5 (17... axb3 18. Rxb3 $14) 18. cxb5 Bxb5 19. bxa4 Bxe2 $10
) 15... Qxd2 16. Nxd2 a4 {/\b5} 17. Nb1 (17. Bxb7 Rb8 18. Bf3 Rxb2 $10) (17. b4
b5 18. c5 dxc5 19. dxc5 Bc6 $10) (17. b3 b5 (17... axb3 18. Nxb3 b5 (18... d5
19. cxd5 exd5 20. Nc5 Bc6 21. Rfb1 $16) 19. c5 $14) 18. cxb5 axb3 19. Nxb3 Bxb5
$10) (17. Nd1 $6 {/\Nc3} b5 18. cxb5 Rc2 $15) 17... Nf5 $1 (17... b5 $2 18.
cxb5 Bxb5 19. Nc3 Rb8 20. Rfb1 $16) 18. Nxf5 exf5 19. Na3 (19. Nd2 b5 $10)
19... Ne4 $10 20. Rfd1 d5 $5 21. c5 (21. cxd5 b5 22. Bxe4 fxe4 23. Rac1 b4 24.
Nc4 Bb5 25. Nd6 (25. Nb6 Rb8) 25... Rxc1 26. Rxc1 Bxe2 27. Nxe4 Rd8 $5 $10)
21... b6 $1 22. f3 Nf6 23. Rac1 Rc6 24. Rc2 Rb8 25. e3 g5 26. Bf1 Re6 $1 27.
Kf2 bxc5 28. dxc5 Bc6 {<=>>>} 29. Rdd2 (29. Bd3 $5 Re5 30. Re2 g4 31. f4 Ne4+
32. Bxe4 Rxe4 $10) 29... g4 $1 30. Be2 Rb3 31. Rc3 Rb4 32. Rcc2 h5 (32... Rb3
$10) 33. Nb1 Kg7 34. Nc3 Re7 35. Na2 Rb3 36. Rc3 d4 $1 37. exd4 gxf3 38. Bxf3
Bxf3 39. Kxf3 Ne4 40. Rdc2 Nxc3 41. bxc3 Re4 {/\Rd4} (41... a3 42. c6 (42. Nb4
$6 Re4 $1 43. Kf2 Rb2 $17) 42... Rb2 43. Nb4 Rxc2 44. Nxc2 a2 45. d5 Rc7 46.
Ke3 Kf6 47. Kd4 $13) 42. Nc1 (42. Kf2 $2 a3 $17) 42... Rb8 43. c6 $2 (43. Ra2
$1 Rbe8 44. Ne2 $13) 43... a3 44. Nd3 (44. Ra2 Rb1 45. c7 Re8 46. Nd3 Rb3 $17)
44... Rb3 $1 45. Kf2 (45. Nc5 Rb2 46. Rc1 a2 47. Ra1 Re1 48. Rxe1 Rb1 49. c7
Rxe1 50. Nb3 Re8 51. d5 Kf6 52. c4 Ke5 53. Ke3 Kd6+ 54. Kd4 Kxc7 $19) 45... a2
46. Rxa2 Rxc3 47. Nf4 Rxc6 48. Nxh5+ $2 (48. d5 Rh6 49. h4 $17) 48... Kh7 {
/\Rh6} 49. Nf4 Rxd4 50. Ra5 Rc2+ 51. Kf3 Rxh2 52. Rxf5 Kg7 $19 53. g4 $2 (53.
Kg4 $142) 53... Ra4 54. g5 Rh1 55. Kg2 Rb1 56. Kf3 Rg1 57. Kf2 Raa1 58. Kf3
Ra3+ 59. Kf2 Rb1 60. Re5 Rb2+ (60... Rb2+ 61. Re2 Rb4 62. Nd5 Rb5 $19) 0-1

[Event "Bundesliga 0001"]
[Site "Germany"]
[Date "2001.02.18"]
[Round "9.1"]
[White "Dautov, Rustem"]
[Black "Aronian, Levon"]
[Result "1-0"]
[WhiteElo "2606"]
[BlackElo "2551"]
[Annotator "Dautov,R"]
[PlyCount "125"]
[EventDate "2000.10.14"]
[EventType "team-tourn"]
[EventRounds "15"]
[EventCountry "GER"]
[SourceTitle "CBM 081"]
[Source "ChessBase"]
[SourceDate "2001.03.20"]
[SourceVersion "1"]
[SourceVersionDate "2001.03.20"]
[SourceQuality "1"]
[WhiteTeam "Godesberg"]
[BlackTeam "Wattenscheid"]
[WhiteTeamCountry "GER"]
[BlackTeamCountry "GER"]

1. d4 Nf6 2. c4 e6 3. Nf3 Bb4+ 4. Bd2 Qe7 5. g3 Nc6 6. Nc3 Bxc3 7. Bxc3 Ne4 8.
Qc2 {8.Rc1 ist anspruchsvoller.} Nxc3 9. Qxc3 O-O (9... Qb4 10. Qxb4 Nxb4 11.
Kd2 {führt zu einem für Weiß leicht vorteilhaften Endspiel.}) 10. Bg2 d6 11. d5
Nd8 ({Nach} 11... Nb8 12. dxe6 fxe6 13. O-O {bekommt Weiß ein angenehmes
Druckspiel im Zentrum, z.B:} a5 (13... Nd7 14. Nd4 Kh8 15. Rad1 e5 16. Nb5 Nc5
17. Qe3 a5 18. b3 Ne6 19. Nc3 Qe8 20. Nd5 $14 {Eingorn,V-Gershon,A/Graz 1998})
14. Nd4 e5 15. Nb3 $1 a4 16. Nd2 Nc6 17. e3 Be6 18. b4 axb3 19. axb3 $14 {
Shipov,S-Drasko,M/Belgrade 1994}) 12. O-O e5 13. e4 (13. c5 f5 14. Rac1 Nf7 15.
cxd6 cxd6 16. Qc7 Qf6 $132 {stellt für den Nachziehenden keine Gefahr dar, da
Weiß aus seiner offenen c-Linie kein Kapital schlagen kann.}) 13... c5 $1 {
Schwarz schließt korrekterweise die Stellung.} (13... f5 $2 {wäre ein Fehler,
da Weiß das Zentrum öffnen kann.} 14. exf5 Bxf5 15. Rae1 Bd7 (15... Nf7 16. Nh4
Bd7 17. f4 $14) 16. Nd2 Qf6 17. f4 exf4 18. Qxf6 Rxf6 19. gxf4 Nf7 20. Re7 Rd8
21. Ne4 Rg6 22. f5 Rh6 23. c5 Kf8 24. Re6 $1 $16 {Tal,M-Ivanovic,B/Luzern 1982}
) 14. Ne1 $146 {Ein neuer Versuch, der die generelle Einschätzung der Stellung
nicht ändern wird. Schwarz baut eine Festung auf, die kaum einzunehmen ist.} (
14. dxc6 Nxc6 15. h3 Be6 $11) (14. a3 f6 15. b4 Nf7 16. Ne1 b6 17. Nd3 f5 $132
{Gagarin,V-Khasin,A/Maikop 1998}) (14. Nd2 Bd7 (14... a5 15. f4 f6 16. b3 b6
17. Rf2 Nf7 18. Raf1 Bd7 19. a4 g5 20. f5 Kg7 21. Bf3 Rh8 22. Bh5 Rag8 23. Rg2
Kf8 24. h3 Be8 25. Kf2 Nd8 $11 {Khalifman,A-Wahls,M/Germany 1996}) 15. a3 b6
16. f4 f6 17. Rf2 Nf7 18. Raf1 a5 19. b3 Ra7 20. a4 g6 21. h3 Kg7 22. f5 Rh8
23. Qf3 g5 $11 {Khalifman,A-Nielsen,P/Aarhus 1997}) 14... Bd7 15. a4 a5 16. f4
f6 17. Nd3 b6 18. b3 Nf7 $11 19. Rae1 Nh6 $6 {Ein unnötiger Tempoverlust,
besser war sofort 19..g6 oder 19..g5.} (19... g5 20. Kh1 Kh8 21. Re2 gxf4 22.
gxf4 Rg8 $11) (19... g6 $11) 20. Qd2 Nf7 21. Nf2 $1 {Der Läufertausch ist für
Weiß günstig.} (21. f5 g6 22. g4 g5 $11) 21... g6 22. Bh3 Kg7 23. Bxd7 Qxd7 24.
Nd1 (24. Nd3 Rae8 $11) 24... Rae8 25. f5 {Der einzige Versuch, auf Gewinn zu
spielen.} Rh8 26. Qe2 Reg8 $2 {Damit erschwert Schwarz seine Aufgabe. Er
sollte seine Strategie des "Zubetonierens" fortsetzen.} (26... g5 $1 27. Qh5
Nh6 $1 (27... Nd8 28. h4 Qf7 29. Qf3 h6 30. Ne3 $14 {/\Re2-h2, Kg2, Rfh1}) 28.
Ne3 Qf7 29. Qf3 (29. Qh3 Ng8 $11) 29... Reg8 30. h4 g4 $1 31. Nxg4 Nxg4 32.
Qxg4+ Kf8 33. Qf3 h5 $11) 27. fxg6 $1 hxg6 28. Qf3 Qd8 29. h4 (29. Ne3 Ng5 30.
Qg4 Nh3+ 31. Kg2 Qc8 32. Qe6 Qd8 $11) (29. Nf2 Ng5 30. Qg2 Rf8 31. h4 Nf7 32.
Ng4 Nh6 33. Ne3 f5 $11) 29... g5 $1 (29... Nh6 30. Ne3 Rf8 31. g4 f5 $1 (31...
Qd7 32. Qg3 $14) 32. g5 Nf7 33. Ng2 f4 $11) 30. h5 (30. Kf2 $2 gxh4 31. gxh4 f5
32. Ne3 f4 $1 (32... Qxh4+ $2 33. Ke2 $16) 33. Nf5+ Kf8 34. Rg1 Nh6 $15) 30...
Nh6 31. Ne3 Rf8 {Die von Schwarz endlich errichtete Festung ist zwar nicht
ohne Mängel, genügt aber trotzdem fürs Unentschieden.} 32. Re2 Qd7 33. Rh2 Rf7
34. Qe2 Kf8 (34... f5 $4 35. exf5 Nxf5 36. Qg4 $18) 35. Nf5 {Um Fortschritt zu
machen muß Weiß früher oder später die Springer tauschen.} Nxf5 36. Rxf5 Rh6
37. Rhf2 Kg7 38. Qf3 Kf8 39. Qg4 Kg8 (39... Kg7 $4 40. Rxf6 $1 Qxg4 (40...
Rhxf6 41. Qxg5+ $18) 41. Rxf7+ Kg8 42. Rf8+ Kg7 43. R2f7#) 40. Qf3 Kf8 41. Kg2
Kg8 42. Qg4 Kh8 $4 {Nach dem Erreichen der Zeitkontrolle (ich war in leichter
Zeitnot) wartet Aronian mit einem großzügigen Geschenk auf. Ich kann es nur
damit erklären, daß er nach einem möglichen Turmopfer Ausschau gehalten hat
und dabei vollkommen vergaß, daß Weiß auch seine Dame opfern kann.} (42... Rg7
$11) (42... Qd8 43. R5f3 Kg7 $11) 43. Qxg5 $1 $18 fxg5 44. Rxf7 Qxf7 45. Rxf7
g4 46. Rb7 {Der Rest ist einfach.} Rf6 47. Rxb6 Kh7 48. Ra6 Rf3 49. Rxd6 Rxb3
50. Rc6 Rb2+ 51. Kf1 Rb1+ 52. Ke2 Rb2+ 53. Kd1 Rb3 54. Rxc5 Rxg3 55. Ke2 Rg2+
56. Kf1 Rd2 57. Rc6 Ra2 58. d6 g3 59. c5 Rf2+ 60. Kg1 Rd2 61. Rc8 Kg7 62. Re8
Kf6 63. c6 1-0

[Event "Rostov on Don"]
[Site "Rostov on Don"]
[Date "1993.??.??"]
[Round "?"]
[White "Tukmakov, Vladimir B"]
[Black "Smyslov, Vassily V"]
[Result "1/2-1/2"]
[WhiteElo "2605"]
[BlackElo "2530"]
[Annotator "Dautov,R"]
[PlyCount "164"]
[EventDate "1993.05.??"]
[EventType "tourn"]
[EventRounds "11"]
[EventCountry "RUS"]
[EventCategory "14"]
[SourceTitle "CBM 036"]
[Source "ChessBase"]
[SourceDate "1993.10.01"]
[SourceVersion "1"]
[SourceVersionDate "1993.10.01"]
[SourceQuality "1"]

1. d4 Nf6 2. c4 e6 3. Nf3 Bb4+ 4. Bd2 a5 5. g3 d5 6. Bg2 dxc4 7. Qc2 Nc6 (7...
b5 $5 8. O-O O-O $13) 8. Qxc4 Qd5 9. Qd3 O-O (9... Qe4) 10. Nc3 Qh5 11. a3 (11.
Bf4 Nd5 12. O-O Nxf4 13. gxf4 Rd8 14. e3 f6 15. Ne2 Qf7 16. Ng3 Bf8 17. Rac1
Nb4 18. Qb1 c6 $10 {Browne-Smyslov/Tilburg/1982}) (11. e3 Rd8 12. Qe2 a4 13.
Rc1 a3 14. b3 e5 15. Nxe5 Nxe5 16. dxe5 Qxe5 17. O-O Ra6 18. Rfd1 Rad6 $10 {
Hertneck-Smyslov/Dortmund/1986}) (11. h3 $5 Rd8 12. g4 Qg6 13. Qxg6 hxg6 14. e3
$13) 11... Bxc3 (11... Bd6 $6 12. e4 Rd8 13. Qc4 e5 14. d5 Na7 15. h3 $16) 12.
Bxc3 b6 {N} (12... Rd8 13. Qc2 Qf5 $1 14. Rc1 Qxc2 15. Rxc2 Bd7 16. O-O Ne7 17.
Ne5 Ba4 18. Rcc1 Nfd5 19. Bd2 Nc6 20. Nxc6 Bxc6 21. Rc5 $14 {Akopian-Smyslov/
Moscow Alekhine op/1992}) 13. O-O Ba6 14. Qc2 Ne7 15. Rfe1 c5 16. Qb3 (16. e4
$5 {/\Qb3} cxd4 17. Bxd4 $16) 16... Ned5 (16... Rab8 17. dxc5 Qxc5 18. Bxf6
gxf6 19. Rac1 Qb5 20. Qc3 Nd5 21. Qd2 $16) 17. e4 (17. dxc5 Nxc3 18. Qxc3 Qxc5
19. Qxc5 bxc5 20. Rac1 $14) 17... Nxc3 18. bxc3 cxd4 19. cxd4 Qb5 20. Qe3 (20.
Rab1 $5 Qxb3 21. Rxb3 Rab8 (21... b5 22. Ne5 $16) 22. Ne5 Rfc8 23. Reb1 (23. d5
$5) 23... Kf8 24. Bf3 b5 25. Be2 $16) 20... Qa4 21. Ne5 Rad8 22. d5 $1 exd5 23.
Qxb6 Bb5 24. exd5 Nxd5 25. Qc5 $16 Nf6 26. Rab1 Bd7 27. Bc6 (27. Nc6 $1 {>=}
Bxc6 (27... Rde8 28. Nxa5 $16) 28. Bxc6 Qd4 29. Qxa5 Ng4 30. Rf1 Rd6 31. Bg2
$16 {/\Qb4}) 27... Bxc6 28. Nxc6 Ra8 29. Rb7 h6 (29... Kh8 30. Ree7 Rfc8 31.
Rbc7 Rxc7 32. Rxc7 $16) 30. Kg2 Kh8 31. Ne5 Kg8 32. Qc4 Qxc4 33. Nxc4 a4 34.
Ree7 Nd5 35. Red7 Nf6 36. Rdc7 Nd5 37. Rd7 Nf6 38. Rd4 Rfb8 39. Rxb8+ Rxb8 40.
Ne3 Ra8 41. Kf3 Kf8 42. Ke2 Ne8 43. Kd3 Nc7 44. Rb4 Ke7 45. Kc4 Kd7 46. Nd1 Ne8
47. Nb2 (47. Nc3 Nd6+ 48. Kd3 Kc6 49. Nxa4 $2 (49. h4 $16) 49... Nb5 $10) 47...
Nd6+ 48. Kc3 f5 49. Nxa4 (49. f3 $5 Re8 50. Kd2 Ra8 51. Nxa4 Kc6 $132) 49...
Kc6 50. Kb3 Ne4 51. Rb6+ Kd5 (51... Kc7 $2 52. Rg6) 52. Rb5+ Kc6 53. Rb6+ Kd5
54. Rb5+ Kc6 55. Rxf5 Rb8+ 56. Kc2 Ra8 57. Kb3 (57. f3 Rxa4 58. fxe4 Rxe4 $14)
57... Rb8+ 58. Ka2 Rd8 59. f3 Rd2+ 60. Kb3 Rd3+ 61. Kb2 (61. Kc2 Rxa3 62. fxe4
Rxa4 63. Kd3 Kd6 64. Rf7 g5 65. Rf6+ Ke5 66. Rxh6 Rd4+ $10) 61... Nd2 62. Rc5+
Kd6 63. f4 Nf1 64. Rc3 (64. Rc2 Ne3 65. Re2 Nc4+ $10) 64... Rd2+ 65. Kb3 (65.
Rc2 Rxh2 66. Rxh2 Nxh2 67. Nc3 Nf1 68. Ne2 g5 69. fxg5 hxg5 70. Kc3 Kc5 $10)
65... Rxh2 66. Nc5 Rg2 67. Kc4 g5 68. fxg5 hxg5 69. Rd3+ Kc6 70. Ne4 g4 $14 71.
Kd4 Kb5 72. Rb3+ (72. Ke5 Ka4 73. Kf4 Nxg3 74. Nxg3 Ra2 $10) 72... Ka5 73. Kc5
Rc2+ 74. Kd5 Re2 75. Nc5 {/\Kc6+-} Nd2 76. Rb8 Nf3 77. a4 Rd2+ 78. Ke4 Rd4+ 79.
Ke3 Rb4 80. Ra8+ Kb6 81. Nd3 Rc4 82. a5+ Kb5 $10 {/\Ra4} 1/2-1/2

[Event "Moscow Alekhine op"]
[Site "Moscow"]
[Date "1992.??.??"]
[Round "?"]
[White "Ehlvest, Jaan"]
[Black "Rashkovsky, Nukhim N"]
[Result "1-0"]
[WhiteElo "2635"]
[BlackElo "2530"]
[Annotator "Dautov,R"]
[PlyCount "94"]
[EventDate "1992.10.??"]
[EventType "swiss"]
[EventRounds "9"]
[EventCountry "RUS"]
[SourceTitle "CBM 033"]
[Source "ChessBase"]
[SourceDate "1993.04.01"]
[SourceVersion "1"]
[SourceVersionDate "1993.04.01"]
[SourceQuality "1"]

1. d4 Nf6 2. Nf3 e6 3. c4 Bb4+ 4. Bd2 Bxd2+ 5. Qxd2 O-O 6. g3 d6 7. Bg2 Qe7 8.
O-O e5 9. Nc3 c6 (9... Nc6 10. Nd5 Nxd5 11. cxd5 Nxd4 12. Nxd4 exd4 13. Rfe1
Bd7 14. Rac1 Rfc8 15. Rc4 $16 {ECO}) (9... Re8 10. e4 Bg4 11. d5 Bxf3 12. Bxf3
a5 13. a3 Na6 14. Rab1 $14 {ECO}) 10. e4 Re8 (10... c5 11. d5 a6 12. Nh4 Ne8
13. a4 a5 14. Qe1 Na6 15. Rd1 Nb4 16. Rd2 $14 {Psakhis,L-Barlov,D Soci 1985})
11. Nh4 $5 (11. Rfe1 Nbd7 (11... a6 $5) 12. Nh4 g6 13. f4 a6 14. Nf3 b5 15. c5
$1 $16 {Gleizerov,E-Savon,V SSSR 1988}) 11... a6 12. Rac1 (12. f4 $5 b5 13.
fxe5 (13. b3 Qa7 $1) 13... dxe5 14. Nf5 Bxf5 15. exf5 bxc4 $13) 12... b5 13. b3
Qa7 (13... bxc4 14. bxc4 Qa7 15. d5 $14) 14. dxe5 (14. Rfd1 Bg4 $1 15. f3 Be6
16. cxb5 axb5 17. Kh1 Na6 $132) 14... dxe5 15. cxb5 axb5 (15... cxb5 16. Nd5
Nxd5 17. exd5 $16) 16. Nf5 Bxf5 17. exf5 $16 {><c6,Nb8} Qa5 (17... Qb6 18. Ne4
$1 Nxe4 19. Bxe4 f6 20. Rfd1 $16) 18. Rfd1 Ra7 (18... Ra6 {/\Nbd7} 19. Qe2 Nbd7
20. Rd6 Rc8 21. g4 $16) 19. Qe2 Qb6 20. g4 h6 21. h4 b4 22. Ne4 (22. Na4 $6 Qb5
23. Rc4 Nd5 $132) 22... Nxe4 23. Bxe4 c5 24. Rc2 $1 (24. g5 $6 hxg5 25. hxg5
Nc6 26. Rd6 $2 Nd4 $1 $17) 24... Rd7 (24... Nc6 $2 25. Rd6 Rc8 26. Qc4 $18) 25.
Rxd7 Nxd7 26. g5 Nf8 27. Bd5 hxg5 28. hxg5 Qd8 29. Qd2 g6 $8 30. f6 e4 (30...
Ne6 $2 31. Bxe6 Qxd2 32. Rxd2 Rxe6 33. Rd8+ Kh7 34. Rf8 $18) 31. Rxc5 Ne6 32.
Rc2 e3 33. fxe3 Nxg5 34. Qd4 Qd6 35. Rg2 Re5 $2 (35... Ne6 36. Qe4 Ng7 $2 37.
Bxf7+ $18) (35... Qe5 $142 $16) 36. Bxf7+ $1 $18 Nxf7 37. Rxg6+ Kf8 38. Qg4 Rg5
39. Rxg5 Nxg5 40. Qxg5 Qd1+ 41. Kf2 Qd2+ 42. Kg3 Qe1+ 43. Kf3 Qd1+ 44. Ke4 Qc2+
45. Kd5 Qd3+ 46. Kc5 Qc3+ 47. Kb6 Kf7 1-0

[Event "Moscow Alekhine op"]
[Site "Moscow"]
[Date "1992.??.??"]
[Round "?"]
[White "Magerramov, Elmar S"]
[Black "Gipslis, Aivars P"]
[Result "1-0"]
[WhiteElo "2565"]
[BlackElo "2465"]
[Annotator "Dautov,R"]
[PlyCount "81"]
[EventDate "1992.10.??"]
[EventType "swiss"]
[EventRounds "9"]
[EventCountry "RUS"]
[SourceTitle "CBM 033"]
[Source "ChessBase"]
[SourceDate "1993.04.01"]
[SourceVersion "1"]
[SourceVersionDate "1993.04.01"]
[SourceQuality "1"]

1. d4 Nf6 2. c4 e6 3. Nf3 Bb4+ 4. Bd2 Qe7 5. g3 Nc6 6. Nc3 Bxc3 7. Bxc3 Ne4 8.
Rc1 d6 9. d5 Nxc3 10. Rxc3 Nb8 11. dxe6 fxe6 12. Nd4 $5 (12. Bg2 O-O 13. O-O
Nd7 14. Nd2 (14. Nd4 $142) 14... c6 15. e4 e5 16. Nb3 Nc5 17. Qd2 Bg4 $1 18. f3
Bh5 19. Rd1 Rad8 $10 {Naumkin,I-Rashkovsky,N URS-58ch 1991}) 12... O-O 13. Bg2
e5 (13... c6 14. O-O a5 15. Qd2 Nd7 16. Rd1 Ne5 17. Nf3 Nf7 18. Ra3 Qc7 19. Ng5
d5 20. Rf3 Nxg5 21. Rxf8+ Kxf8 22. Qxg5 Qe7 23. Qd2 $14 {Davies,N-Arkell,K
London WFW 1989}) 14. Nc2 Na6 15. Ne3 (15. O-O c6 16. Qd2 Be6 (16... Bd7 $2 17.
Rd3 Rf6 18. Rd1 $16) 17. Rd1 Rad8 18. Qe3 $13) 15... c6 16. Rd3 Rf6 17. Rd2 $1
(17. O-O Nc5 18. Rd2 a5 $10) 17... Bd7 18. O-O Raf8 19. b4 $1 Nc7 (19... Nxb4
$2 20. Qb3 a5 (20... c5 $2 21. a3 $18) 21. a3 Na6 22. Qxb7 Nc5 23. Qa7 $1 {
/\Bc6} e4 (23... Qe8 24. Rfd1 $1 $16) 24. Bh3 $16 {><a5,d6,c6}) 20. b5 $1 a6 $1
(20... cxb5 $2 21. c5 $16) 21. bxc6 (21. a4 $5 axb5 22. axb5 Be8 $132) 21...
Bxc6 (21... bxc6 22. Qa4 c5 23. Qa5 $16) 22. Nd5 (22. Bxc6 bxc6 23. Qa4 Qd7
$132) 22... Nxd5 23. Bxd5+ Bxd5 24. Rxd5 h5 $5 (24... Rc8 25. Qd3 Rc6 26. Rb1
$14) 25. Qd3 h4 26. Qe4 (26. g4 $5 {/\h3}) 26... Qf7 (26... hxg3 27. hxg3 Qe6
$5 28. c5 dxc5 29. Rxe5 Qxa2 30. Qxb7 Re6 31. Rg5 Rf7 32. Qc8+ Rf8 33. Qd7 Rf7
$10) 27. f3 hxg3 28. hxg3 Qh5 $40 29. c5 Rg6 $2 (29... Rh6 $142 30. Kf2 Qh2+
31. Ke3 dxc5 32. Qxe5 (32. Rxc5 Qxg3 $13) 32... Qh3 33. Kf2 $8 Qh2+ 34. Ke3 Qh3
$10) 30. cxd6 Rxg3+ 31. Kf2 Qg5 32. Rh1 $16 Rg2+ 33. Kf1 Qg3 34. Qe3 $1 (34.
Qh7+ Kf7 35. Qf5+ Kg8 36. Qe6+ Rf7 37. Qe8+ $10) 34... e4 (34... Rc8 35. Rd1
$16) 35. Rdh5 Rxf3+ 36. exf3 Rb2 37. Rg1 $1 $18 (37. Rg5 $2 Rb1+ 38. Ke2 exf3+
$17) 37... Qxd6 (37... Rb1+ 38. Ke2 exf3+ 39. Kd3 Qxd6+ 40. Kc2 $18) 38. Rxg7+
$1 Kxg7 39. Qg5+ Kf7 40. Rh7+ Ke8 41. Qg8+ 1-0

[Event "Alushta3"]
[Site "Alushta"]
[Date "1993.??.??"]
[Round "?"]
[White "Tregubov, Pavel V"]
[Black "Fish, Gennadij"]
[Result "1-0"]
[WhiteElo "2475"]
[BlackElo "2440"]
[Annotator "Dautov,R"]
[PlyCount "121"]
[EventDate "1993.08.??"]
[EventType "tourn"]
[EventRounds "11"]
[EventCountry "UKR"]
[EventCategory "9"]
[SourceTitle "CBM 038"]
[Source "ChessBase"]
[SourceDate "1994.02.01"]
[SourceVersion "1"]
[SourceVersionDate "1994.02.01"]
[SourceQuality "1"]

1. d4 Nf6 2. Nf3 e6 3. c4 Bb4+ 4. Bd2 Qe7 5. g3 O-O 6. Bg2 Bxd2+ 7. Nfxd2 $5 {N
} (7. Qxd2) (7. Nbxd2) 7... d6 (7... c5 8. dxc5 (8. d5 exd5 9. cxd5 d6 10. Nc3
Na6 11. O-O Nc7 12. a4 b6 $10) 8... Na6 (8... Qxc5 9. Nc3 Nc6 10. O-O $16) 9.
Nc3 Nxc5 10. b4 (10. O-O a5 11. Nde4 Nfxe4 12. Nxe4 Nxe4 13. Bxe4 d6 14. Qd3
$14) 10... Na6 11. a3 $14) (7... d5 8. Nc3 Rd8 9. O-O $14) (7... Nc6 8. d5 $1 (
8. e3 e5 9. d5 Nb4 10. O-O a5 11. Nc3 d6 12. a3 Na6 13. b4 axb4 14. axb4 Bd7
15. Qb3 c5 $132) 8... exd5 9. cxd5 Nd4 10. Nc3 $14) 8. O-O e5 (8... c5 9. dxc5
dxc5 10. Nc3 Rd8 11. Qc2 Nbd7 (11... Nc6 12. Bxc6 bxc6 13. Nb3 Rb8 14. Na4 Nd7
15. Rad1 $14) 12. Rad1 Nf8 13. Nde4 $14) 9. e3 (9. dxe5 dxe5 10. Nc3 c6 $10)
9... c6 (9... Nc6 10. d5 Nb8 (10... Nb4 $6 11. a3 Nd3 12. Qc2 $16) 11. Nc3 a5
12. f4 $1 {/\f5,h3,g4->} exf4 (12... Ng4 13. Re1) 13. exf4 Qe3+ 14. Kh1 Ng4 15.
Qe1 $16) 10. Nc3 Rd8 (10... Bg4 $5 11. Qb3 Na6 $132) (10... Bf5 $1 {>=,/\Bd3,e4
} 11. Qb3 Na6 (11... Bd3 $6 12. Nd5 $1 cxd5 13. Qxd3 dxc4 14. Nxc4 $14) 12.
Rae1 Rae8 $10) 11. Qb3 Nbd7 12. Rae1 Nf8 13. f4 $14 exd4 14. exd4 Qc7 15. f5 (
15. h3 $5) 15... Qb6 16. Qxb6 axb6 17. a3 Ra5 18. d5 Bd7 19. Nde4 (19. h3 h5 (
19... b5 $2 20. cxb5 cxb5 21. g4 $16) 20. Nde4 Nxe4 21. Nxe4 $16) 19... Nxe4
20. Rxe4 (20. Nxe4 $1 cxd5 21. cxd5 (21. Nxd6 Bc6 22. cxd5 Rxd6 23. dxc6 bxc6
24. Re8 $14) 21... Bb5 22. Rf4 $16 {/\Rc1-c7,><d6}) 20... h6 21. Re7 Nh7 22.
dxc6 bxc6 23. Rd1 Kf8 24. Re3 Be8 25. g4 Nf6 26. h3 Rc5 $2 (26... h5 $6 27. Bf3
$16) (26... c5 $1 $14 {/\b5}) 27. Rd4 b5 28. cxb5 cxb5 29. Kf2 Rc4 30. Red3 $16
Rb8 (30... Ke7 31. Ke3 $16) 31. Bf1 (31. Rxd6 b4 32. Nd1 bxa3 33. bxa3 Ne4+ 34.
Bxe4 Rxe4 $16) 31... d5 32. Rd1 b4 (32... Rxd4 33. Rxd4 Bc6 34. Rb4 Ne4+ 35.
Nxe4 dxe4 36. Ke3 Rb7 37. Bg2 $16) 33. Bxc4 bxc3 34. Bxd5 Rxb2+ 35. Ke3 $1 (35.
Kg3 $6 Nxd5 36. Rxd5 c2 37. Rc1 Ba4 38. Re1 Kg8 $16) 35... Nxd5+ 36. Rxd5 Rh2 (
36... Rb3 37. Rc5 c2+ 38. Rd3 $18) 37. Rc5 Rxh3+ 38. Kd4 Rg3 39. Rc8 $1 Rxg4+
40. Kxc3 Re4 41. a4 $18 Ke7 42. a5 Bb5 43. Rb1 (43. Rd5 Be2 44. Rc7+ Kf6 45. a6
Ra4 46. a7 $18) 43... Re5 44. Kd4 $1 Rxf5 45. Rc5 Rxc5 46. Kxc5 Bd3 47. Rb3 Bf1
48. Re3+ $1 Kf8 49. Re1 Bd3 50. Rd1 Be2 51. Rd2 Bf1 52. Rd1 Be2 53. Rd4 g5 54.
Rc4 $1 g4 55. a6 g3 56. a7 Bf3 57. Kd4 g2 58. Rc1 Ke7 59. Ke3 Bb7 60. Kf2 Kd7
61. Ra1 (61. Ra1 Ba8 62. Rb1 Kc7 63. Rb8 Bb7 64. a8=Q Bxa8 65. Rxa8 $18) 1-0